Hogwarts Potions Exam Quiz Stats

 Plays Quiz Updated Aug 2, 2017

Support Sporcle.
Go Orange.
Score 0/12 Timer 03:00
23 Plays Today
% Correct
???
100%
???
90.3%
???
82.7%
???
77.9%
???
71.3%
???
69.3%
???
67.6%
???
63%
???
53.6%
???
47%
???
38.2%
???
32.9%

You're not logged in!

Compare scores with friends on all Sporcle quizzes.
OR
Log In
Forgot?

From the Vault

Finish the Literature Title

by strokes_static

Just because you finished the book's title with a picture doesn't mean you finished the book.
Remove Ads.
Support Sporcle.
Get the best of Sporcle when you Go Orange. This ad-free experience offers more features, more stats, and more fun while also helping to support Sporcle. Thank you for becoming a member.

Show Comments

Extras

Top Quizzes Today


Score Distribution

Your Account Isn't Verified!

In order to create a playlist on Sporcle, you need to verify the email address you used during registration. Go to your Sporcle Settings to finish the process.

Report this User

Report this user for behavior that violates our Community Guidelines.

Details: